000 00534nam a2200181Ia 4500
001 3865
005 20260306145715.0
008 260306t2016||||xx |||||||||||||| ||spa||
041 _aESP
082 _a393.9856
_bC17
100 _aCalvo Calvo, Rossano
_eAUT
245 0 _aHombre, muerte y cultura en los Andes:
_buna lectura desde las tradiciones mortuorias de la Región Cusco (con anotación al Sur Peruano)
260 _c2016
300 _a179 páginas :
_c24 cm.
650 _aGEN
654 _aCHU
942 _cLIB
_dJUS
_fJUS
_2ddc
_n
999 _c3865
_d3865